Stolice najbardziej zaludnionych państw świata - Statystyki

Ogólne statystyki
  • Ten quiz został rozwiązany 11 890 razy
  • Średni wynik to 13 z 20
Statystyki odpowiedzi
Państwo Stolica % Poprawnych
Chiny Pekin
95%
Stany Zjednoczone Waszyngton
95%
Rosja Moskwa
93%
Japonia Tokio
90%
Niemcy Berlin
89%
Meksyk Meksyk
85%
Brazylia Brasília
79%
Indie Nowe Delhi
79%
Egipt Kair
77%
Turcja Ankara
75%
Indonezja Dżakarta
57%
Tajlandia Bangkok
53%
Iran Teheran
53%
Wietnam Hanoi
47%
Filipiny Manila
47%
Pakistan Islamabad
43%
Bangladesz Dhaka
39%
Etiopia Addis Abeba
35%
Nigeria Abudża
33%
Demokratyczna Republika Konga Kinszasa
32%
Nie znaleziono quizów pasujących do podanych kryteriów
Rozkład punktacji
Procent ludzi z każdym wynikiem
Percentyl według liczby udzielonych odpowiedzi
Twoja historia wyników
Nie rozwiązałeś tego quizu